Квалификация убийств при отягчающих обстоятельствах Монография
Книга является научным исследованием квалификации убийств с основным и квалифицированным составами по законодательству Республики Беларусь и Российской Федерации. Центральное место отводится решению наиболее проблемных вопросов квалификации в целях совершенствования уголовного законодательства и пра...
Gardado en:
| Autor Principal: | |
|---|---|
| Formato: | Монография |
| Edición: | 1 |
| Series: | Научная мысль |
| Acceso en liña: | https://znanium.com/catalog/document?id=417266 https://znanium.com/cover/1873/1873963.jpg |
| Метки: |
Engadir etiqueta
Sen Etiquetas, Sexa o primeiro en etiquetar este rexistro!
|
| LEADER | 03044nam0a2200385 i 4500 | ||
|---|---|---|---|
| 001 | RU\infra-m\znanium\bibl\1873963 | ||
| 003 | https://znanium.com/catalog/document?id=417266 | ||
| 005 | 20240112000000.0 | ||
| 010 | |a 978-5-16-009059-7 | ||
| 010 | |a 978-5-16-100215-5 |b электр. издание | ||
| 100 | |a 20240112d2022 m y0rusy0150 ca | ||
| 101 | 0 | |a rus | |
| 102 | |a RU | ||
| 200 | 1 | |a Квалификация убийств при отягчающих обстоятельствах |e Монография |f Российский государственный университет правосудия г. Москва им. В.М. Лебедева | |
| 205 | |a 1 | ||
| 210 | 1 | |a Москва |c ООО "Научно-издательский центр ИНФРА-М" |d 2023 | |
| 215 | |a 287 с. | ||
| 225 | 1 | |a Научная мысль | |
| 330 | |a Книга является научным исследованием квалификации убийств с основным и квалифицированным составами по законодательству Республики Беларусь и Российской Федерации. Центральное место отводится решению наиболее проблемных вопросов квалификации в целях совершенствования уголовного законодательства и практики его применения. Основу для анализа составили судебная практика и научные труды российских и белорусских учёных. Рекомендуется в качестве научного издания для ученых преподавателей и студентов юридических вузов а также для законодателей прокуроров следователей судей и адвокатов. | ||
| 333 | |a Дополнительное профессиональное образование | ||
| 606 | |a Право. Юридические науки |x Уголовное право |2 local | ||
| 608 | |a Монография |2 local | ||
| 675 | |a 343(075.4) |z rus | ||
| 686 | |a 67.408 |2 rubbk | ||
| 686 | |a 40.03.01 |2 okso | ||
| 686 | |a 40.04.01 |2 okso | ||
| 686 | |a 40.05.01 |2 okso | ||
| 686 | |a 40.05.02 |2 okso | ||
| 686 | |a 40.05.03 |2 okso | ||
| 686 | |a 40.05.04 |2 okso | ||
| 686 | |a 40.06.01 |2 okso | ||
| 700 | 1 | |a Бабий |b Н. А. |g Николай Алексеевич |p Российский государственный университет правосудия г. Москва им. В.М. Лебедева | |
| 801 | 0 | |a RU |b Общество с ограниченной ответственностью «ЗНАНИУМ» |c 20220406 |2 rusmarc | |
| 856 | 4 | |a znanium.com |m ebs_support@infra-m.ru |n НИЦ ИНФРА-М |u https://znanium.com/catalog/document?id=417266 | |
| 856 | 4 | 1 | |a znanium.com |d /cover/1873 |f 1873963.jpg |q image/jpeg |u https://znanium.com/cover/1873/1873963.jpg |